| 000 | 00524nam a22001937a 4500 | ||
|---|---|---|---|
| 003 | OSt | ||
| 005 | 20140310181809.0 | ||
| 008 | 130705t xxu||||| |||| 00| 0 eng d | ||
| 020 | _a1858339561 | ||
| 050 |
_aG 1046 _b.Sa253 1998 |
||
| 082 |
_aREF 912 _bSa8 1998 |
||
| 245 | _aSatelite atlas of the world | ||
| 260 |
_aGodalming, Surrey : _bColour Library Direct, _cc1998. |
||
| 300 |
_a223 p. : _bill. col. ; _c36 cm. |
||
| 521 | _aBasic Ed. Students | ||
| 541 | _j1 | ||
| 562 | _e1 | ||
| 942 |
_2lcc _cBK-GR _kREF |
||
| 999 |
_c3875 _d3875 |
||